legends on each nfl team - Statistics

General Stats
  • This quiz has been taken 10 times
  • The average score is 8 of 32
Answer Stats
team legend % Correct
patriots tom brady
90%
bills bruce smith
70%
cowboys emmitt smith
70%
steelers joe greene
60%
raiders randy moss
60%
giants lawrence taylor
50%
colts peyton manning
50%
bears walter payton
50%
panthers cam newton
40%
dolphins dan marino
40%
texans jj watt
40%
cardinals larry fitzgerald
40%
ravens jonathan ogden
30%
chiefs patrick mahomes
30%
football team sammy baugh
30%
jets darrelle revis
20%
falcons michael vick
20%
buccaneers derrick brooks
10%
chargers junior seau
10%
jaguars mark brunell
10%
saints marques colston
10%
broncos al denson
0%
lions chris spielman
0%
eagles chuck bednarik
0%
49ers hugh mcelhenny
0%
rams jalen ramsey
0%
bengals jamarr chase
0%
vikings jim marshall
0%
seahawks michael bennett
0%
browns ozzie newsome
0%
titans steve mcnair
0%
packers vince lombardi
0%
No matching quizzes found
Score Distribution
Percent of People with Each Score
Percentile by Number Answered
Your Score History
You have not taken this quiz